000 00327nam a2200121 a 4500
005 20141022142009.0
008 120228s19uu xx 00 eng d
050 _aCD
_bG92 2007
100 _aGschwandther, Gerhard
245 _aSales questions thet close every deal /
_cgerhard Gschwandther.
260 _c2007.
942 _cAVM
999 _c276645
_d276645